Manual de derecho procesal. gráficos ilustrativos. / 2 :
Recursos y otras impugnaciones. Cumplimiento de la sentencia. Procedimiento en segunda instancia. Amparo. Hábeas data. Medidas cautelares. Autosatisfactivas. Juicio ejecutivo. Remate. Ejecuciones y procesos especiales. Sucesiones. Voluntarios. Negociación y mediación. Arbitraje
Guardado en:
| Autor Principal: | |
|---|---|
| Formato: | Libro |
| Idioma: | Spanish |
| Publicado: |
Buenos Aires :
Astrea,
2005
|
| Edición: | 1a. ed. |
| Materias: | |
| Etiquetas: |
Agregar Etiqueta
Sin Etiquetas, Sea el primero en etiquetar este registro!
|
| LEADER | 00931nam a22001935a 4500 | ||
|---|---|---|---|
| 001 | DER.der003198 | ||
| 008 | 180615s2005####ag#||||||||||||||#||spa|| | ||
| 005 | 20250825123929.0 | ||
| 245 | 1 | 0 | |a Manual de derecho procesal. |n 2 : |b gráficos ilustrativos. / |c Enrique M. Falcón. |
| 250 | |a 1a. ed. | ||
| 260 | |a Buenos Aires : |b Astrea, |c 2005 | ||
| 300 | |a 463 p. | ||
| 520 | |a Recursos y otras impugnaciones. Cumplimiento de la sentencia. Procedimiento en segunda instancia. Amparo. Hábeas data. Medidas cautelares. Autosatisfactivas. Juicio ejecutivo. Remate. Ejecuciones y procesos especiales. Sucesiones. Voluntarios. Negociación y mediación. Arbitraje | ||
| 020 | |a 9505086814 | ||
| 100 | 1 | |a Falcón, Enrique M. | |
| 650 | 7 | |a DERECHO PROCESAL CIVIL | |
| 859 | |a DERECHO |b BIB. DERECHO |h 347.05 |i FAL |p 003034 |3 Tomo 2 | ||
| 859 | |a DERECHO |b BIB. DERECHO |h 347.05 |i FAL |p 005249 |t 1 |3 Tomo 2 | ||
| 859 | |a DERECHO |b BIB. DERECHO |h 347.05 |i FAL |p 005250 |t 2 |3 Tomo 2 | ||
